000 00551nam a2200181Ia 4500
005 20250326124255.0
008 250326s9999 xx 000 0 und d
037 _aTextbook
040 _aFMSL
_beng
_cFMSL
041 _aeng
_2eng
084 _aX:54 L3;1
_qFMSL
100 _aSirc L
245 0 _aOutline of international trade: commodity flows and division of production between countries
_cSirc L
260 _aLondon
_bLondon, Weidenfeld & Nicolson
_c1973
300 _a156p
942 _cTB
_hX:54 L3;1
999 _c1273044
_d1273044